| 000 | 00454nam a2200133 a 4500 | ||
|---|---|---|---|
| 008 | 120416s1967 ||||||||||||||||| || u | ||
| 050 | _aTJ 214 Elg | ||
| 100 | _aElgerd, Olle I | ||
| 245 | 1 | 0 | _aControl systems theory |
| 260 |
_aTokyo _bMcGraw-Hill _c1967 |
||
| 300 | _axiv, 562p. : ill. | ||
| 350 | _a0.00 | ||
| 995 |
_D0.00 _FCBU-MAIN LIBRARY (Kitwe) _H1 _I43.75 _M1 _UDAMAGED _ZMain Library Open Access Collection |
||
| 999 |
_c38729 _d38729 |
||